[Event "Madrid-ch Previa-A"]
[Site "Madrid"]
[Date "2020.02.18"]
[Round "8"]
[White "Ciuro Munoz, Ricardo"]
[Black "Yeves Miquel, Enrique"]
[Result "0-1"]
[WhiteElo "1953"]
[BlackElo "1777"]
[PlyCount "78"]
[EventDate "2020.02.03"]
[EventType "swiss"]
[EventRounds "9"]
[EventCountry "ESP"]
[SourceTitle "EXT 2021"]
[Source "ChessBase"]
[SourceDate "2020.10.23"]
[SourceVersion "1"]
[SourceVersionDate "2020.10.23"]
[SourceQuality "1"]

1. e4 c5 2. Nf3 e6 3. d3 d5 4. Nbd2 Nc6 5. g3 Nf6 6. Bg2 Be7 7. 0-0 0-0 8. e5 Nd7 9. Re1 b5 10. Nf1 a5 11. h4 Ba6 12. Bf4 b4 13. c3 a4 14. a3 bxc3 15. bxc3 Qc7 16. N1h2 Rab8 17. d4 Rb3 18. Ng4 Qb6 19. h5 h6 20. Qc1 Rb8 21. Bxh6 gxh6 22. Qxh6 Qd8 23. Qf4 Qf8 24. h6 Bd3 25. Nf6+ Nxf6 26. exf6 Bd6 27. Qg5+ Kh7 28. Qd2 Bg6 29. Ng5+ Kh8 30. Nf3 Na5 31. Nh4 Bh7 32. Bh3 Qg8 33. dxc5 Rb2 34. Qe3 Nc4 35. Qf3 Bxc5 36. Rf1 Nd2 37. Qf4 Nxf1 38. Rxf1 Bd3 39. h7 Qxh7 0-1

[Event "Madrid-ch Previa-A"]
[Site "Madrid"]
[Date "2020.02.05"]
[Round "3"]
[White "Menendez Domens, Juan Manuel"]
[Black "Yeves Miquel, Enrique"]
[Result "0-1"]
[WhiteElo "1445"]
[BlackElo "1777"]
[PlyCount "140"]
[EventDate "2020.02.03"]
[EventType "swiss"]
[EventRounds "9"]
[EventCountry "ESP"]
[SourceTitle "EXT 2021"]
[Source "ChessBase"]
[SourceDate "2020.10.23"]
[SourceVersion "1"]
[SourceVersionDate "2020.10.23"]
[SourceQuality "1"]

1. Nf3 c5 2. e4 e6 3. c3 Nf6 4. d3 d5 5. e5 Nfd7 6. d4 Nc6 7. Be2 Be7 8. 0-0 f6 9. c4 Nxd4 10. Nxd4 cxd4 11. cxd5 Nxe5 12. Bb5+ Kf7 13. Qxd4 Qxd5 14. Qxd5 exd5 15. Rd1 Be6 16. Nc3 Rhd8 17. Be3 Nc6 18. Ne2 a6 19. Ba4 b5 20. Bb3 Na5 21. Bb6 Nxb3 22. Bxd8 Nxa1 23. Bxe7 Kxe7 24. Rxa1 Rc8 25. Nd4 Rc4 26. Rd1 Kd6 27. b3 Rc3 28. h3 Bd7 29. Kf1 g5 30. Ke2 h5 31. Kd2 b4 32. Nc2 a5 33. Nd4 g4 34. hxg4 hxg4 35. Ne2 Rc8 36. Nf4 Bf5 37. Ne2 Rc2+ 38. Ke3 Rxa2 39. Nd4 Bd7 40. Rb1 g3 41. fxg3 Rxg2 42. Kf3 Ra2 43. Kf4 a4 44. bxa4 Rxa4 45. Rb3 Kc5 46. Nf3 Ra3 47. Rb1 Bb5 48. Nd2 Bc4 49. g4 Rd3 50. Rb2 Kd4 51. Nb1 b3 52. Kf5 Rf3+ 53. Kg6 Bd3+ 54. Kg7 Bxb1 55. Rxb1 Kc3 56. Ra1 Kc2 57. Ra3 d4 58. Ra7 b2 59. Rc7+ Kd3 60. Rb7 Rf2 61. Kg6 Kc2 62. Rc7+ Kd1 63. Rb7 d3 64. g5 fxg5 65. Kxg5 Kc2 66. Rc7+ Kb1 67. Kg4 d2 68. Rd7 Kc2 69. Rc7+ Kd3 70. Rb7 d1Q+ 0-1

[Event "Madrid Tajamar op 10th A"]
[Site "Madrid"]
[Date "2018.09.30"]
[Round "1.11"]
[White "Yeves Miquel, Enrique"]
[Black "Camarero Izquierdo, Juan Carlos"]
[Result "1/2-1/2"]
[WhiteElo "1740"]
[BlackElo "1963"]
[PlyCount "111"]
[EventDate "2018.09.30"]
[EventType "swiss"]
[EventRounds "7"]
[EventCountry "ESP"]
[SourceTitle "EXT 2024"]
[Source "ChessBase"]
[SourceDate "2023.10.10"]
[SourceVersion "1"]
[SourceVersionDate "2023.10.10"]
[SourceQuality "1"]

1. c4 e5 2. Nc3 Nf6 3. Nf3 Nc6 4. e3 Bb4 5. Qc2 0-0 6. Nd5 Nxd5 7. cxd5 Ne7 8. Nxe5 Nxd5 9. a3 Bd6 10. Nc4 Be7 11. Bd3 h6 12. b4 Nf6 13. Bb2 d5 14. Ne5 Re8 15. 0-0 Bd6 16. f4 a6 17. Rac1 c6 18. h3 Be6 19. Bf5 Qc8 20. Bxe6 Rxe6 21. Rf3 Qc7 22. Qf5 Ne4 23. d3 Bxe5 24. Bxe5 Nd6 25. Qh5 f6 26. Bb2 Qe7 27. Re1 a5 28. f5 Qe8 29. Qg4 Re7 30. Bxf6 Rf7 31. Bb2 axb4 32. axb4 Ra2 33. Ba1 Rd2 34. f6 Rxd3 35. fxg7 Rxf3 36. Qxf3 d4 37. Rf1 Qxe3+ 38. Qxe3 Rxe3 39. Bxd4 Re8 40. Rf4 Nf7 41. Rh4 Kh7 42. Rg4 Ng5 43. h4 Re4 44. Rxe4 Nxe4 45. g4 Nd6 46. Kg2 Ne8 47. Kf3 Nxg7 48. Bxg7 Kxg7 49. Ke4 b6 50. Ke5 c5 51. bxc5 bxc5 52. Kd5 Kf6 53. Kxc5 Ke5 54. Kc6 Kf4 55. g5 hxg5 56. hxg5 1/2-1/2

[Event "Mem op Francisco Codes 12th"]
[Site "Madrid"]
[Date "2018.06.10"]
[Round "9.9"]
[White "Del Amo Rubio, Jesus"]
[Black "Yeves Miquel, Enrique"]
[Result "0-1"]
[WhiteElo "1536"]
[BlackElo "1733"]
[PlyCount "108"]
[EventDate "2018.04.08"]
[EventType "swiss"]
[EventRounds "9"]
[EventCountry "ESP"]
[SourceTitle "EXT 2024"]
[Source "ChessBase"]
[SourceDate "2023.10.10"]
[SourceVersion "1"]
[SourceVersionDate "2023.10.10"]
[SourceQuality "1"]

1. e4 c5 2. Nf3 e6 3. d4 cxd4 4. Nxd4 Nc6 5. Be3 Nf6 6. Bd3 Ne5 7. 0-0 a6 8. Nc3 Qc7 9. Bg5 Neg4 10. g3 h6 11. Bd2 Bc5 12. Nb3 Ba7 13. Qe2 0-0 14. Bf4 Ne5 15. Rac1 d6 16. Be3 Bxe3 17. Qxe3 Nc4 18. Bxc4 Qxc4 19. Rfd1 Qc7 20. Nd4 b5 21. Rd3 Bb7 22. f3 Nd7 23. Nce2 d5 24. exd5 Bxd5 25. Nf4 Bc4 26. Rdd1 e5 27. Nh5 exd4 28. Qxd4 Qc5 29. b3 Qxd4+ 30. Rxd4 Be6 31. Nf4 Ne5 32. Kf2 Rad8 33. Re4 Nc6 34. Nxe6 fxe6 35. Rxe6 Rf6 36. Ree1 Rd2+ 37. Re2 Rxe2+ 38. Kxe2 Nd4+ 39. Ke3 Nxf3 40. Rf1 Nxh2 41. Rxf6 gxf6 42. c4 bxc4 43. bxc4 Ng4+ 44. Ke4 Kf7 45. Kd5 Ne3+ 46. Kc5 Ke6 47. Kb4 h5 48. Ka5 Nxc4+ 49. Kxa6 f5 50. a4 Kd5 51. Kb5 f4 52. gxf4 h4 53. f5 h3 54. f6 h2 0-1

[Event "Mem op Francisco Codes 12th"]
[Site "Madrid"]
[Date "2018.06.03"]
[Round "8.12"]
[White "Yeves Miquel, Enrique"]
[Black "Ramos Antona, Enrique"]
[Result "1-0"]
[WhiteElo "1733"]
[BlackElo "1573"]
[PlyCount "69"]
[EventDate "2018.04.08"]
[EventType "swiss"]
[EventRounds "9"]
[EventCountry "ESP"]
[SourceTitle "EXT 2024"]
[Source "ChessBase"]
[SourceDate "2023.10.10"]
[SourceVersion "1"]
[SourceVersionDate "2023.10.10"]
[SourceQuality "1"]

1. c4 Nf6 2. Nc3 g6 3. e4 d6 4. d4 Bg7 5. Be2 0-0 6. Bg5 c5 7. d5 e6 8. Qd2 Re8 9. dxe6 Bxe6 10. 0-0-0 Qa5 11. Qxd6 Nc6 12. Qf4 Nd7 13. Qd2 Bxc3 14. Qxc3 Qxc3+ 15. bxc3 f6 16. Be3 b6 17. Nh3 Rad8 18. Nf4 Bf7 19. Rd6 Nde5 20. Rxd8 Rxd8 21. Nd5 Kg7 22. f4 Nd7 23. Rd1 Nf8 24. h4 h5 25. g4 hxg4 26. Bxg4 Re8 27. Bf3 Na5 28. h5 Nxc4 29. Bf2 gxh5 30. Rg1+ Kh6 31. Nxf6 Re6 32. e5 Ng6 33. Bg3 Ncxe5 34. fxe5 Nxe5 35. Bf4# 1-0

[Event "Mem op Francisco Codes 12th"]
[Site "Madrid"]
[Date "2018.04.22"]
[Round "3.9"]
[White "Osuna Osuna, Francisco"]
[Black "Yeves Miquel, Enrique"]
[Result "0-1"]
[WhiteElo "1569"]
[BlackElo "1733"]
[PlyCount "126"]
[EventDate "2018.04.08"]
[EventType "swiss"]
[EventRounds "9"]
[EventCountry "ESP"]
[SourceTitle "EXT 2024"]
[Source "ChessBase"]
[SourceDate "2023.10.10"]
[SourceVersion "1"]
[SourceVersionDate "2023.10.10"]
[SourceQuality "1"]

1. e4 c5 2. Nc3 a6 3. f4 b5 4. a3 Bb7 5. d3 e6 6. Nf3 Nc6 7. g3 d5 8. exd5 exd5 9. Bg2 Nf6 10. 0-0 Be7 11. Qe2 0-0 12. Re1 Re8 13. h3 b4 14. axb4 cxb4 15. Nd1 Bc5+ 16. Ne3 Qb6 17. Qf2 Re7 18. c3 d4 19. Nc4 Rxe1+ 20. Nxe1 Qa7 21. cxb4 Nxb4 22. Bxb7 Qxb7 23. b3 Nfd5 24. Bd2 Qd7 25. g4 Re8 26. Qf3 Nc3 27. Ne5 Qe6 28. Nc4 f6 29. Kf1 Nbd5 30. f5 Qc8 31. Ng2 Qb7 32. Qg3 Qxb3 33. Re1 Qb8 34. Rxe8+ Qxe8 35. Qe1 Qxe1+ 36. Kxe1 g6 37. fxg6 hxg6 38. Bc1 Nb4 39. Nb2 a5 40. Nf4 a4 41. Nxa4 Nxa4 42. Nxg6 Nxd3+ 43. Kd2 Nxc1 44. Kxc1 Kf7 45. Nf4 Bd6 46. Nd3 Nc5 47. Nxc5 Bxc5 48. h4 Kg6 49. h5+ Kg5 50. Kd2 f5 51. gxf5 Kxh5 52. Kd3 Kg5 53. f6 Kxf6 54. Ke4 Kg5 55. Kd3 Kf4 56. Ke2 Ke4 57. Kd2 Bb4+ 58. Ke2 d3+ 59. Kd1 Ke3 60. Kc1 Ke2 61. Kb2 d2 62. Ka2 d1Q 63. Kb2 Qd2+ 0-1

[Event "Madrid San Viator op-A 28th"]
[Site "Madrid"]
[Date "2017.04.09"]
[Round "3"]
[White "Yeves Miquel, Enrique"]
[Black "Juzgado Niella, Angel Luis"]
[Result "0-1"]
[WhiteElo "1788"]
[BlackElo "1625"]
[PlyCount "46"]
[EventDate "2017.03.26"]
[EventType "swiss"]
[EventRounds "9"]
[EventCountry "ESP"]
[SourceTitle "EXT 2018"]
[Source "ChessBase"]
[SourceDate "2017.10.13"]
[SourceVersion "1"]
[SourceVersionDate "2017.10.13"]
[SourceQuality "1"]

1. d4 d5 2. c4 c6 3. Nc3 Nf6 4. e3 e6 5. Nf3 Nbd7 6. Qc2 b6 7. Bd3 Bb7 8. cxd5 cxd5 9. a3 Rc8 10. Qb1 Be7 11. 0-0 0-0 12. Bd2 Re8 13. Rd1 Qc7 14. Rc1 Qb8 15. e4 Rxc3 16. Bxc3 dxe4 17. Nd2 exd3 18. Qxd3 Qf4 19. f3 Nd5 20. Ne4 Nxc3 21. Rxc3 Bxe4 22. fxe4 Nf6 23. e5 Ng4 0-1

[Event "Madrid San Viator op-A 27th"]
[Site "Madrid"]
[Date "2016.09.25"]
[Round "1"]
[White "Yeves Miquel, Enrique"]
[Black "Afana, Adham Jj"]
[Result "0-1"]
[WhiteElo "1827"]
[BlackElo "2095"]
[PlyCount "58"]
[EventDate "2016.09.25"]
[EventType "swiss"]
[EventRounds "9"]
[EventCountry "ESP"]
[SourceTitle "EXT 2017"]
[Source "ChessBase"]
[SourceDate "2016.10.25"]
[SourceVersion "1"]
[SourceVersionDate "2016.10.25"]
[SourceQuality "1"]

1. d4 d5 2. c4 c6 3. Nc3 Nf6 4. e3 e6 5. Nf3 Nbd7 6. Qc2 Bd6 7. Bd3 e5 8. cxd5 cxd5 9. e4 dxe4 10. Bxe4 exd4 11. Nxd4 Nc5 12. Bf3 Be5 13. Nde2 Nd3+ 14. Kf1 0-0 15. h3 Bf5 16. Qb3 Be6 17. Qc2 Nb4 18. Qa4 Qe7 19. Bf4 Nd3 20. Bxe5 Nxe5 21. Be4 Nc4 22. Qc2 Nxe4 23. Nxe4 Rac8 24. N4c3 Qf6 25. Kg1 Rfd8 26. Rd1 Rxd1+ 27. Nxd1 Ne3 28. Qb1 Nxd1 29. Qxd1 Qxb2 0-1

[Event "Madrid San Viator op-A 26th"]
[Site "Madrid"]
[Date "2016.04.24"]
[Round "4"]
[White "Mena Corrochano, Alberto"]
[Black "Yeves Miquel, Enrique"]
[Result "1/2-1/2"]
[WhiteElo "2121"]
[BlackElo "1864"]
[PlyCount "119"]
[EventDate "2016.04.03"]
[EventType "swiss"]
[EventRounds "9"]
[EventCountry "ESP"]
[SourceTitle "EXT 2017"]
[Source "ChessBase"]
[SourceDate "2016.10.25"]
[SourceVersion "1"]
[SourceVersionDate "2016.10.25"]
[SourceQuality "1"]

1. d4 Nf6 2. c4 e6 3. Nc3 Bb4 4. e3 0-0 5. Nge2 d5 6. a3 Bd6 7. c5 Be7 8. b4 b6 9. Bb2 a5 10. Nf4 c6 11. Nd3 Nbd7 12. f4 Ba6 13. Be2 Qc7 14. 0-0 bxc5 15. bxc5 Rfb8 16. Rb1 Bc4 17. Nf2 Bxe2 18. Nxe2 Ne4 19. Nxe4 dxe4 20. Qc2 f5 21. Qc4 Kf7 22. g4 g6 23. gxf5 gxf5 24. Ng3 Rg8 25. Kh1 Rxg3 26. hxg3 Nf6 27. Kg2 Ng4 28. Qe2 Rg8 29. Rh1 h6 30. Bc3 Bd8 31. Bd2 Qa7 32. Qc4 Bc7 33. Rb2 Rb8 34. Rhb1 Rxb2 35. Rxb2 Nf6 36. Rb1 Qa8 37. Be1 Nd5 38. Qe2 Qg8 39. Qh5+ Kg7 40. Bd2 Nf6 41. Qe2 Qa8 42. a4 Ng4 43. Kf1 Qa7 44. Ke1 Qa8 45. Kd1 Qa7 46. Kc2 Qa8 47. Rb3 Qa7 48. Kb2 Kf7 49. Ka1 Nf6 50. Bc1 Qa8 51. Bd2 Qa7 52. Rb1 Qa8 53. Bc1 Nd5 54. Rb3 Kf6 55. Qb2 Qa6 56. Rb7 Qf1 57. Rxc7 Nxc7 58. d5+ Kf7 59. d6 Nd5 60. Kb1 1/2-1/2

[Event "Madrid San Viator op-A 26th"]
[Site "Madrid"]
[Date "2016.04.17"]
[Round "3"]
[White "Yeves Miquel, Enrique"]
[Black "Strejoiv, Christian Ionut"]
[Result "1-0"]
[WhiteElo "1864"]
[BlackElo "1139"]
[PlyCount "55"]
[EventDate "2016.04.03"]
[EventType "swiss"]
[EventRounds "9"]
[EventCountry "ESP"]
[SourceTitle "EXT 2017"]
[Source "ChessBase"]
[SourceDate "2016.10.25"]
[SourceVersion "1"]
[SourceVersionDate "2016.10.25"]
[SourceQuality "1"]

1. d4 e6 2. c4 d5 3. Nc3 Nf6 4. cxd5 exd5 5. Bg5 Be7 6. e3 0-0 7. Bd3 Ne4 8. Bxe7 Qxe7 9. Nxd5 Qd7 10. Bxe4 Re8 11. Bf3 c6 12. Nc3 Na6 13. Nge2 Qe6 14. 0-0 Bd7 15. d5 Qh6 16. dxc6 Bxc6 17. Bxc6 Qxc6 18. Nd4 Qg6 19. Qf3 Nc5 20. Nd5 Rac8 21. Rac1 b6 22. b4 Qd6 23. bxc5 Rxc5 24. Rxc5 bxc5 25. Nf5 Qe5 26. Nfe7+ Rxe7 27. Nxe7+ Qxe7 28. Qa8+ 1-0

[Event "Madrid-ch Previa-B"]
[Site "Madrid"]
[Date "2016.02.27"]
[Round "9"]
[White "Yeves Miquel, Enrique"]
[Black "Leniz Martinez, Francisco"]
[Result "1/2-1/2"]
[WhiteElo "1836"]
[BlackElo "1690"]
[PlyCount "24"]
[EventDate "2016.02.04"]
[EventType "swiss"]
[EventRounds "9"]
[EventCountry "ESP"]
[SourceTitle "CBM 171 Extra"]
[Source "ChessBase"]
[SourceDate "2016.04.26"]
[SourceVersion "1"]
[SourceVersionDate "2016.04.26"]
[SourceQuality "1"]

1. d4 Nf6 2. c4 e6 3. Nc3 Bb4 4. Qc2 0-0 5. a3 Bxc3+ 6. Qxc3 b6 7. Bg5 Bb7 8. f3 h6 9. Bh4 d5 10. e3 Nbd7 11. Bd3 c5 12. cxd5 exd5 1/2-1/2

[Event "Madrid-ch Previa-B"]
[Site "Madrid"]
[Date "2016.02.13"]
[Round "5"]
[White "Molina Garcia, Francisco Javier"]
[Black "Yeves Miquel, Enrique"]
[Result "1/2-1/2"]
[WhiteElo "1876"]
[BlackElo "1836"]
[PlyCount "32"]
[EventDate "2016.02.04"]
[EventType "swiss"]
[EventRounds "9"]
[EventCountry "ESP"]
[SourceTitle "CBM 171 Extra"]
[Source "ChessBase"]
[SourceDate "2016.04.26"]
[SourceVersion "1"]
[SourceVersionDate "2016.04.26"]
[SourceQuality "1"]

1. d4 Nf6 2. c4 e6 3. Nc3 Bb4 4. e3 0-0 5. Bd3 c5 6. Nge2 cxd4 7. exd4 d5 8. Bg5 dxc4 9. Bxc4 Qc7 10. Bd3 Nd5 11. Qc2 h6 12. Bh4 Nc6 13. Bg3 Qd8 14. 0-0 Bd6 15. Bxd6 Qxd6 16. a3 Nf4 1/2-1/2

[Event "Madrid-ch Previa-B"]
[Site "Madrid"]
[Date "2016.02.05"]
[Round "2"]
[White "Tronch Ilzarbe, Carlos Maria"]
[Black "Yeves Miquel, Enrique"]
[Result "1/2-1/2"]
[WhiteElo "1744"]
[BlackElo "1836"]
[PlyCount "51"]
[EventDate "2016.02.04"]
[EventType "swiss"]
[EventRounds "9"]
[EventCountry "ESP"]
[SourceTitle "CBM 171 Extra"]
[Source "ChessBase"]
[SourceDate "2016.04.26"]
[SourceVersion "1"]
[SourceVersionDate "2016.04.26"]
[SourceQuality "1"]

1. e4 c5 2. Nf3 e6 3. c3 Nf6 4. Bd3 Nc6 5. Bc2 d5 6. e5 Nd7 7. d4 Be7 8. 0-0 b6 9. a3 Ba6 10. Re1 Rc8 11. Nbd2 Qc7 12. Nf1 cxd4 13. Nxd4 Nxd4 14. Qxd4 Qc4 15. Qxc4 Bxc4 16. Nd2 Bb5 17. Nf3 0-0 18. Be3 Bc5 19. Bd4 a5 20. a4 Ba6 21. h4 h6 22. Rac1 Be7 23. g3 Bc4 24. Kg2 Rc6 25. g4 Nc5 26. g5 1/2-1/2

[Event "Madrid San Viator op 25th"]
[Site "Madrid"]
[Date "2015.11.15"]
[Round "8"]
[White "Yeves Miquel, Enrique"]
[Black "Garcia Martin, Esteban"]
[Result "0-1"]
[WhiteElo "1758"]
[BlackElo "1903"]
[PlyCount "114"]
[EventDate "2015.10.04"]
[EventType "swiss"]
[EventRounds "9"]
[EventCountry "ESP"]
[SourceTitle "CBM 169 Extra"]
[Source "ChessBase"]
[SourceDate "2015.12.18"]
[SourceVersion "1"]
[SourceVersionDate "2015.12.18"]
[SourceQuality "1"]

1. d4 Nf6 2. c4 e5 3. dxe5 Ng4 4. Bf4 g5 5. Bg3 Bg7 6. Nf3 Nc6 7. Nc3 Ngxe5 8. Nxe5 Nxe5 9. e3 d6 10. h4 g4 11. h5 h6 12. Be2 Be6 13. Qb3 c6 14. Rd1 Qc7 15. Qb4 a5 16. Qa4 0-0 17. Ne4 Rad8 18. Bh4 f6 19. 0-0 d5 20. cxd5 Bxd5 21. Ng3 Qf7 22. b3 b5 23. Qf4 Be6 24. Qe4 a4 25. bxa4 bxa4 26. Qxa4 Ra8 27. Qb4 Rxa2 28. Ra1 Rfa8 29. Rxa2 Rxa2 30. Qb8+ Qf8 31. Qc7 Qc8 32. Qe7 Qd7 33. Bxf6 Qxe7 34. Bxe7 Kf7 35. Bd6 Bd5 36. Rc1 Ke6 37. Bc5 Bf6 38. Kf1 Bh4 39. e4 Bb3 40. Nf5 Bg5 41. Nd4+ Kf6 42. Nxb3 Bxc1 43. Nxc1 Ra1 44. Be3 c5 45. f3 g3 46. f4 Nc6 47. e5+ Kf7 48. Bc4+ Kg7 49. Ke1 Nd4 50. Kd2 Nf5 51. Bxc5 Ra5 52. Bb6 Ra4 53. Kd3 Ra3+ 54. Nb3 Ra2 55. Bd5 Nh4 56. Nd4 Rb2 57. Bd8 Nxg2 0-1

[Event "Madrid Codes Memorial 9th"]
[Site "Madrid"]
[Date "2015.04.19"]
[Round "3"]
[White "Aziz Ortego, Omar Luis"]
[Black "Yeves Miquel, Enrique"]
[Result "1-0"]
[WhiteElo "2089"]
[BlackElo "1715"]
[PlyCount "33"]
[EventDate "2015.03.29"]
[EventType "swiss"]
[EventRounds "9"]
[EventCountry "ESP"]
[SourceTitle "EXT 2019"]
[Source "ChessBase"]
[SourceDate "2018.10.10"]
[SourceVersion "1"]
[SourceVersionDate "2018.10.10"]
[SourceQuality "1"]

1. d4 Nf6 2. c4 e6 3. Nc3 Bb4 4. Qc2 c5 5. e3 b6 6. Nf3 Bb7 7. Bd3 d5 8. cxd5 exd5 9. dxc5 Bxc5 10. Bd2 0-0 11. 0-0-0 h6 12. Kb1 Nc6 13. a3 d4 14. exd4 Nxd4 15. Nxd4 Bxd4 16. Be3 Kh8 17. Bf5 1-0

[Event "Madrid-ch sf-B"]
[Site "Madrid"]
[Date "2015.03.14"]
[Round "5"]
[White "Vukotic Jovsic, Dragan"]
[Black "Yeves Miquel, Enrique"]
[Result "1/2-1/2"]
[WhiteElo "1986"]
[BlackElo "1715"]
[PlyCount "111"]
[EventDate "2015.03.05"]
[EventType "swiss"]
[EventRounds "9"]
[EventCountry "ESP"]
[SourceTitle "CBM 165 Extra"]
[Source "ChessBase"]
[SourceDate "2015.04.21"]
[SourceVersion "1"]
[SourceVersionDate "2015.04.21"]
[SourceQuality "1"]

1. d4 Nf6 2. Bf4 e6 3. e3 c5 4. Nf3 d5 5. c3 Bd6 6. Ne5 Qc7 7. Nd2 Nc6 8. Bb5 0-0 9. Ndf3 Ne4 10. 0-0 f6 11. Nxc6 Bxf4 12. Ne7+ Qxe7 13. exf4 Qc7 14. g3 Qb6 15. Qe2 c4 16. Bxc4 Nxg3 17. hxg3 dxc4 18. Qxc4 Qxb2 19. f5 Qb6 20. Rfe1 Qc6 21. Qxc6 bxc6 22. fxe6 Re8 23. Rab1 Rxe6 24. a4 Rxe1+ 25. Nxe1 Ba6 26. Ng2 Re8 27. Ne3 Kf7 28. c4 Re4 29. d5 cxd5 30. cxd5 Rxa4 31. Rc1 Bb5 32. Rc7+ Kg6 33. d6 Rd4 34. Rxa7 Rxd6 35. Rxg7+ Kxg7 36. Nf5+ Kf8 37. Nxd6 Bd3 38. f4 Ke7 39. Nb7 h5 40. Nc5 Bf5 41. Kf2 Kd6 42. Nb3 Kd5 43. Ke3 Bg4 44. Nd4 Bd7 45. Nf3 Bc8 46. Nh4 Bg4 47. Ng2 Bc8 48. Kd3 Ba6+ 49. Ke3 Bc8 50. Nh4 Bg4 51. Ng6 Bh3 52. f5 Bxf5 53. Nf4+ Ke5 54. Nxh5 Bc8 55. Nf4 Kf5 56. Nh5 1/2-1/2

[Event "Madrid-ch sf-B"]
[Site "Madrid"]
[Date "2015.03.13"]
[Round "4"]
[White "Yeves Miquel, Enrique"]
[Black "Largo Barbero, Benito"]
[Result "1/2-1/2"]
[WhiteElo "1715"]
[BlackElo "1961"]
[PlyCount "93"]
[EventDate "2015.03.05"]
[EventType "swiss"]
[EventRounds "9"]
[EventCountry "ESP"]
[SourceTitle "CBM 165 Extra"]
[Source "ChessBase"]
[SourceDate "2015.04.21"]
[SourceVersion "1"]
[SourceVersionDate "2015.04.21"]
[SourceQuality "1"]

1. d4 Nf6 2. c4 g6 3. Nc3 Bg7 4. e4 d6 5. h3 0-0 6. Bg5 Na6 7. Bd3 e5 8. d5 Qe8 9. Nge2 Nd7 10. a3 f5 11. b4 Qf7 12. f3 f4 13. Bh4 Nf6 14. Bf2 c6 15. Qb3 cxd5 16. cxd5 Nc7 17. Rc1 g5 18. Nb5 Nxb5 19. Bxb5 h5 20. Kd2 Bh6 21. Bd3 Re8 22. Nc3 a6 23. Ke2 Bf8 24. Na4 b5 25. Nb6 Rb8 26. Nxc8 Rexc8 27. Rc2 Qd7 28. Rhc1 g4 29. hxg4 hxg4 30. Rxc8 Rxc8 31. Rxc8 Qxc8 32. Qc2 gxf3+ 33. gxf3 Qh3 34. Qc1 Be7 35. Qf1 Qc8 36. Kd2 Kf7 37. Qh1 Qg8 38. Bf1 Nh7 39. Qh5+ Kf8 40. Qf5+ Kg7 41. Qd7 Qd8 42. Qxd8 Bxd8 43. Bd3 Nf6 44. a4 bxa4 45. Bxa6 Nd7 46. Bb5 Nb6 47. Bxb6 1/2-1/2

[Event "Madrid-ch sf-B"]
[Site "Madrid"]
[Date "2015.03.06"]
[Round "2"]
[White "Yeves Miquel, Enrique"]
[Black "Vazquez Gonzalez, Jesus"]
[Result "0-1"]
[WhiteElo "1715"]
[BlackElo "2014"]
[PlyCount "66"]
[EventDate "2015.03.05"]
[EventType "swiss"]
[EventRounds "9"]
[EventCountry "ESP"]
[SourceTitle "CBM 165 Extra"]
[Source "ChessBase"]
[SourceDate "2015.04.21"]
[SourceVersion "1"]
[SourceVersionDate "2015.04.21"]
[SourceQuality "1"]

1. d4 c5 2. d5 e5 3. e4 g6 4. Nc3 d6 5. Bb5+ Nd7 6. a4 Bg7 7. Nf3 Ne7 8. 0-0 0-0 9. a5 h6 10. Nd2 f5 11. f3 Nf6 12. Be2 f4 13. Nc4 Qd7 14. Bd2 g5 15. Be1 h5 16. Rb1 Ng6 17. b4 cxb4 18. Rxb4 g4 19. Rb1 Rf7 20. Nb5 Bf8 21. Nc3 Rg7 22. Kh1 g3 23. hxg3 fxg3 24. Bxg3 h4 25. Bh2 Nh5 26. Ne3 Ngf4 27. Ng4 Qd8 28. Re1 Qg5 29. Qc1 Ng3+ 30. Kg1 Bxg4 31. fxg4 Rc8 32. Bxg3 hxg3 33. Qa3 Qh4 0-1

[Event "San Sebastian de los Reyes op 16th"]
[Site "San Sebastian"]
[Date "2014.12.06"]
[Round "7"]
[White "Asins Martin, Jose"]
[Black "Yeves Miquel, Enrique"]
[Result "0-1"]
[WhiteElo "1264"]
[BlackElo "1732"]
[PlyCount "68"]
[EventDate "2014.11.30"]
[EventType "swiss"]
[EventRounds "9"]
[EventCountry "ESP"]
[SourceTitle "CBM 163 Extra"]
[Source "ChessBase"]
[SourceDate "2014.12.23"]
[SourceVersion "1"]
[SourceVersionDate "2014.12.23"]
[SourceQuality "1"]

1. Nf3 c5 2. g3 Nc6 3. c4 g6 4. Bg2 Bg7 5. 0-0 e5 6. e4 Nge7 7. Nc3 0-0 8. d3 d6 9. Bg5 f6 10. Be3 Nd4 11. Bxd4 cxd4 12. Nd5 Nc6 13. b4 a6 14. a4 Ne7 15. Nd2 f5 16. f4 Bh6 17. Nxe7+ Qxe7 18. c5 dxc5 19. bxc5 Qxc5 20. Rc1 Qe7 21. Qb3+ Be6 22. Qb6 Rf7 23. Rc2 exf4 24. gxf4 Rd8 25. e5 Bd5 26. Bxd5 Rxd5 27. Rc8+ Kg7 28. e6 Rd6 29. exf7 Rxb6 30. f8Q+ Qxf8 31. Rxf8 Kxf8 32. Nb3 Rxb3 33. Rc1 Bxf4 34. Rc8+ Kg7 0-1

[Event "San Sebastian de los Reyes op 16th"]
[Site "San Sebastian"]
[Date "2014.12.05"]
[Round "6"]
[White "Yeves Miquel, Enrique"]
[Black "Anton Quevedo, Andrea"]
[Result "0-1"]
[WhiteElo "1732"]
[BlackElo "1531"]
[PlyCount "80"]
[EventDate "2014.11.30"]
[EventType "swiss"]
[EventRounds "9"]
[EventCountry "ESP"]
[SourceTitle "CBM 163 Extra"]
[Source "ChessBase"]
[SourceDate "2014.12.23"]
[SourceVersion "1"]
[SourceVersionDate "2014.12.23"]
[SourceQuality "1"]

1. d4 Nf6 2. c4 g6 3. Nc3 d5 4. Bf4 e6 5. e3 Bg7 6. h3 0-0 7. Nf3 Nbd7 8. b3 Nb6 9. c5 Nbd7 10. Nb5 Ne8 11. Rc1 c6 12. Nc3 Nef6 13. Qc2 Re8 14. b4 Nh5 15. Bh2 e5 16. dxe5 Nxe5 17. Nxe5 Bxe5 18. Bxe5 Rxe5 19. Be2 Qg5 20. Kf1 Qf6 21. Bxh5 Rxh5 22. Ne2 Rh4 23. Qd2 Bf5 24. Nd4 Re8 25. Re1 Bg4 26. f3 Bd7 27. Kf2 Rhe4 28. g4 Qh4+ 29. Kg2 R4e5 30. Qf2 Qh6 31. f4 Re4 32. Qf3 Qg7 33. Kf2 Qf6 34. Rhg1 Qe7 35. a3 a5 36. f5 axb4 37. axb4 Ra8 38. fxg6 fxg6 39. Kg3 Qe5+ 40. Kf2 Rf8 0-1

[Event "Madrid San Viator op 23rd"]
[Site "Madrid"]
[Date "2014.11.02"]
[Round "6"]
[White "Garcia, Martin"]
[Black "Yeves Miquel, Enrique"]
[Result "1-0"]
[WhiteElo "1917"]
[BlackElo "1705"]
[PlyCount "108"]
[EventDate "2014.09.28"]
[EventType "swiss"]
[EventRounds "9"]
[EventCountry "ESP"]
[SourceTitle "EXT 2016"]
[Source "ChessBase"]
[SourceDate "2015.10.08"]
[SourceVersion "1"]
[SourceVersionDate "2015.10.08"]
[SourceQuality "1"]

1. c4 c5 2. Nc3 Nc6 3. g3 g6 4. Bg2 Bg7 5. Nf3 e5 6. 0-0 Nge7 7. d3 0-0 8. Rb1 d6 9. Bd2 Be6 10. a3 a5 11. Ne1 d5 12. cxd5 Nxd5 13. Nf3 Rb8 14. Ng5 Nxc3 15. bxc3 Bd7 16. Ne4 b6 17. Nd6 Ne7 18. Nc4 Bc6 19. Bxc6 Nxc6 20. Qa4 Qc7 21. Ne3 Ne7 22. Qe4 Rfd8 23. Rfd1 h6 24. c4 f5 25. Qf3 Qd7 26. Qg2 Qa4 27. Qh3 Kh7 28. f4 exf4 29. Ng2 f3 30. exf3 Rxd3 31. Nf4 Rd6 32. Re1 Qd7 33. Be3 Rd8 34. Qf1 Qc6 35. Qe2 R8d7 36. Kg2 Bc3 37. Red1 Rxd1 38. Rxd1 Bf6 39. h4 Kg7 40. Re1 Kf7 41. Bc1 Kg7 42. Ne6+ Kf7 43. Bxh6 Qd6 44. Bg5 Nc6 45. Nf4 Re7 46. Qd1 Nd4 47. Nd5 Rxe1 48. Qxe1 Bxg5 49. hxg5 b5 50. Qh1 Ne6 51. Qh7+ Ng7 52. Nf6 Qd2+ 53. Kh3 Qxg5 54. Qg8+ Kxf6 1-0